000 00227 a2200097 4500
001 49527
100 _aFielding
245 _aAdventures of Joseph Andrew
260 _aLondon
_bOxford University Press
_c
090 _c32055
_d32055
942 _aNUST-CAE
_c
_c24509
999 _c284600
_d284600